Les voitures Renault (depuis 1945) - Statistiques

Statistiques générales
  • Ce quiz a été pris 1 249 fois
  • Le résultat moyen est 23 sur 52
Statistiques - réponses
Production Modèle % Correct
1990 Clio
94%
1995 Mégane
87%
1961 4
80%
1961 4 Fourgonette
80%
1972 5
77%
1984 Espace
72%
1993 Twingo
72%
1981 9 / 11
71%
1962 8 / 10
70%
1996 Scénic
67%
1986 21
66%
1968 6
66%
1969 12
65%
1971 15 / 17
65%
1978 18
63%
1988 19
63%
1976 20
63%
1965 16
62%
1974 7
61%
1976 14
60%
1984 25
56%
2013 Captur
55%
1997 Kangoo
54%
1994 Laguna
53%
2012 Zoé
47%
1975 30
44%
2015 Kadjar
44%
2012 Talisman
43%
1981 Trafic
42%
1992 Safrane
40%
2008 Koleos
38%
1980 Master
36%
2002 Vel Satis
34%
2001 Avantime
30%
1984 Supercinq
29%
1956 Dauphine
28%
1947 4CV
26%
2004 Modus
26%
1985 Express
25%
2012 Twizy
25%
1980 Fuego
24%
1959 Estafette
17%
2009 Fluence
16%
2010 Latitude
15%
2010 Wind
15%
1996 Spider
13%
1958 Caravelle
12%
1958 Floride
9%
1951 Frégate
7%
1950 Colorale
3%
1956 Dauphinoise
2%
1962 Rambler
2%
Aucun quiz correspondant
Distribution des résultats
% des personnes avec chaque résultat
Percentile par nombre de réponses
Votre historique - résultats
Vous n’avez pas pris ce quiz